[Event "Ragusa Province-ch"]
[Site "Modica"]
[Date "2010.01.30"]
[Round "2"]
[White "Schembari, Serafino"]
[Black "Occhipinti, Massimo"]
[Result "0-1"]
[WhiteElo "1604"]
[BlackElo "1996"]
[PlyCount "92"]
[EventDate "2010.01.30"]
[EventType "swiss"]
[EventRounds "8"]
[EventCountry "ITA"]
[SourceTitle "EXT 2024"]
[Source "ChessBase"]
[SourceDate "2023.10.10"]
[SourceVersion "1"]
[SourceVersionDate "2023.10.10"]
[SourceQuality "1"]

1. d4 Nf6 2. Nf3 g6 3. e3 Bg7 4. c4 0-0 5. Nc3 d6 6. Bd3 Nbd7 7. 0-0 e5 8. dxe5 dxe5 9. Qc2 Re8 10. b4 Qe7 11. Ng5 c6 12. Bd2 h6 13. Nxf7 e4 14. Nxe4 Nxe4 15. Bxe4 Qxe4 16. Qxe4 Rxe4 17. Nd6 Re6 18. c5 Bxa1 19. Rxa1 b6 20. Nxc8 Rxc8 21. cxb6 axb6 22. f3 Ne5 23. e4 g5 24. a4 Nc4 25. Bc3 Rd6 26. e5 Rd3 27. Rc1 b5 28. a5 Kf7 29. a6 Ra8 30. e6+ Kxe6 31. Bg7 Rxa6 32. Bxh6 Kf5 33. Bf8 Ra2 34. Bc5 Rdd2 35. g4+ Kf4 36. h3 Rg2+ 37. Kh1 Rh2+ 38. Kg1 Rxh3 39. Bf8 Rg3+ 40. Kh1 Rxf3 41. Bc5 Kxg4 42. Be7 Kh4 43. Bc5 Ne5 44. Bb6 Rh3+ 45. Kg1 Nf3+ 46. Kf1 Rh1+ 0-1